000 00299 a2200157 4500
001 174478
020 _a
040 _cMagnum
100 _aAlbergaria, Lino de
240 1 0 _aVento
_lpor
245 1 0 _aVento
362 0 _a1899
440 1 _aRHJ
697 _aI/AVENTURA, CRIANCAS
942 _cBK
999 _c174478
_d174478